000 00741nam a2200229Ii 4500
003 JO-AjNU
008 230605s9999||||xx |||||||||||||| ||und||
017 _a2010/3/859
020 _a978-9957-16-588-8
040 _aJO-AjNU
_bara
_erda
_cJO-AjNU
041 _aara
050 1 4 _aKMC500.H23.2014
100 3 _a حداد، حمزة أحمد ,
_eauthor
_950757
245 0 0 _aالتحكيم في القوانين العربية
250 _aط3
264 3 1 _aعمان : دار الثقافة ، 2014
300 _a527ص
336 _atext
_btxt
_2rdacontent
337 _aunmediated
_bn
_2rdamedia
338 _avolume
_bnc
_2rdacarrier
650 4 _aالتحكيم -- قواعد التحكيم -- البلدان العربية
_950758
999 _aA22378
_c25946
_d25946